000 00746nam a2200229Ia 4500
001 16682
003 GE_BSU
008 181216s||||||||xx |||||||||||||| ||und||
040 _cGE_BSU
080 _a821.161.1-31
100 _aფადეევი, ალექსანდრე
245 _aახალგაზრდა გვარდია
245 _bრომანი
245 _cრედ.მ.კალანდარიშვილი. მხ. შ.ჭავჭავაძე
260 _aთბილისი
260 _bნაკადული
260 _c1982
300 _a735გვ. ; 20სმ
653 _aახალგაზრდა გვარდია
653 _aრომანი
942 _cBK
999 _c49747
_d49747